书目信息 |
| 题名: |
走出巴贝尔
|
|
| 作者: | 潘耀昌 著 | |
| 分册: | ||
| 出版信息: | 北京 中国人民大学出版社 2004 |
|
| 页数: | 332页 | |
| 开本: | 23cm | |
| 丛书名: | 朗朗书房 | |
| 单 册: | ||
| 中图分类: | J052 | |
| 科图分类: | ||
| 主题词: | 艺术评论--中国--现代 , 艺术评论 , 艺术评论--中国--近代 | |
| 电子资源: | ||
| ISBN: | 7-300-05924-4 | |
| 000 | 01278nam0 2200361 450 | |
| 000 | 01241nam0 2200349 450 | |
| 000 | 01239nam0 2200361 450 | |
| 000 | 01185nam0 2200337 450 | |
| 000 | 01203nam0 2200325 450 | |
| 000 | 01166nam0 2200313 45 | |
| 001 | TS2006028209 | |
| 005 | 20061210160319.81 | |
| 010 | @a7-300-05924-4@dCNY32.00 | |
| 100 | @a20060829d2004 kemy0chiy0110 ea | |
| 101 | 0 | @achi |
| 102 | @aCN@b110000 | |
| 105 | @aa z 000yy | |
| 200 | 1 | @a走出巴贝尔@AZou Chu Ba Bei Er@e融合中的冲突@ERong He Zhong De Chong Tu@f潘耀昌著@FPan Yao Chang Zhu |
| 210 | @a北京@c中国人民大学出版社@d2004 | |
| 215 | @a332页@c图@d23cm | |
| 225 | 2 | @a朗朗书房@i艺术东西丛书 |
| 330 | @a本书着眼于开放中的中国美术,亦即18世纪以来的近现代中国美术,从多个角度展示了对中国近现代美术理论的思考,以绘画为主兼及其他。 | |
| 410 | 0 | @12001 @a朗朗书房@i艺术东西丛书 |
| 517 | 1 | @a融合中的冲突@ARong He Zhong De Chong Tu |
| 606 | 0 | @a艺术评论@y中国@z现代 |
| 606 | 0 | @a艺术评论 |
| 606 | 0 | @a艺术评论@y中国@z近代 |
| 690 | @aJ052@v4 | |
| 701 | 0 | @a潘耀昌@APan Yao Chang@4著 |
| 801 | 0 | @aCN@b中图数据@c20061210 |
| 905 | @a10447@dJ052@e169 | |
| 走出巴贝尔:融合中的冲突/潘耀昌著.-北京:中国人民大学出版社,2004 |
| 332页:图;23cm.-(朗朗书房.艺术东西丛书) |
| ISBN 7-300-05924-4:CNY32.00 |
| 本书着眼于开放中的中国美术,亦即18世纪以来的近现代中国美术,从多个角度展示了对中国近现代美术理论的思考,以绘画为主兼及其他。 |
| ● |
| 相关链接 |
|
|
|
|
正题名:走出巴贝尔
索取号:J052/169
 
预约/预借
| 序号 | 登录号 | 条形码 | 馆藏地/架位号 | 状态 | 备注 |
| 1 | 0606274 | 206062749 | 第一样本阅览室/ [索取号:J052/169] | 在馆 | |
| 2 | 0606275 | 206062758 | 第一借阅区/ [索取号:J052/169] | 在馆 | |
| 3 | 0606276 | 206062767 | 第一借阅区/ [索取号:J052/169] | 在馆 | |
| 4 | 0606277 | 206062776 | 第一借阅区/ [索取号:J052/169] | 在馆 | |
| 5 | 0606278 | 206062785 | 第一借阅区/ [索取号:J052/169] | 在馆 |